000 00403nam a22001337a 4500
008 170216b xxu||||| |||| 00| 0 eng d
050 _aBX1959.3.S4 D814
100 _aDube, Aleta
_928872
245 _aMabikiro anoera ehwayana
_cAleta Dube
260 _aPlumtree
_bSt. Teresa's Catholic Mission
_c2013
300 _a68p ;
_c23cm.
650 _aCatholic Church
_xCatechism
_928875
942 _2lcc
_cMONOGRAPH
999 _c126140
_d126140